Statistics for Title in the Lyrics Quiz #4

Click here to take the quiz!

General Stats

  • This quiz has been taken 56,386 times
    (14,251 since last reset)
  • The average score is 10 of 19

Answer Stats

Song Lyric % Correct
{Billie} {Jean} is not my lover / She's just a girl who claims that I am the one
91%
Whoa, we're half way there / Whoa-Oh, {livin}' {on} {a} {prayer}
86%
No time for losers / 'Cause {we} {are} {the} {champions} - of the world
77%
Yeah, is it too late now to say {sorry}? Cause I'm missing more than just your body
75%
Sing us a song you're the {piano} {man} / sing us a song tonight
66%
{Roxanne}, you don't have to put on the red light
62%
When the moon hits your eye / Like a big pizza pie, {that}'{s} {amore}
61%
{Imagine} there's no heaven / It's easy if you try
61%
{We} {are} {the} {world}, we are the children / We are the ones who make a brighter day
61%
Did you think I'd crumble / Did you think I'd lay down and die? / Oh no, not I. {I} {will} {survive}
59%
I wanna be a {billionaire} so freakin' bad / Buy all the things I never had
58%
Tell me where can I find a woman like that? / You know I wish that I had {Jessie}'{s} {girl}
45%
{Every} {rose} {has} {its} {thorn} / Just like every night has it's dawn / Just like every cowboy sings his sad, sad song
37%
{Welcome} {to} {the} {jungle} / We got fun and games / We got everything you want
33%
{On} {top} {of} {spaghetti} / All covered with cheese / I lost my poor meatball / When somebody sneezed
32%
And I wear my {sunglasses} {at} {night} / So I can / So I can / Keep track of the visions in my eyes
31%
Time keeps on slippin', slippin', slippin' / Into the future / I want to {fly} {like} {an} {eagle}
30%
{Smoke} {on} {the} {water} / and fire in the sky
26%
'Cause I got {friends} {in} {low} {places} / Where the whiskey drowns / And the beer chases
26%

Score Distribution

Percentile by Number Answered

Percent of People with Each Score

Your Score History

You have not taken this quiz since the last reset